La dimensin̤ ťica de la funcin̤ pb︢lica

Bibliographic Details
Main Author: Rodrg̕uez-Arana, Jaime
Format: eBook
Language:Spanish
Published: Madrid : Instituto Nacional de Administracin̤ Pb︢lica (INAP), 2013
Subjects:
Online Access:Acceso restringido

MARC

LEADER 00000nam a22000007a 4500
005 20130712121719.0
007 cr|||| ||||
008 130712s2013 sp |||||s|||| 00||0 spa d
020 |a 978-84-7088-824-3 
035 |a 11381 
040 |a vLex 
090 |c 4441  |d 4441 
100 1 |a Rodrg̕uez-Arana, Jaime 
245 1 3 |a La dimensin̤ ťica de la funcin̤ pb︢lica  |h [Recurso electrn̤ico] /  |c Jaime Rodrg̕uez-Arana 
256 |a Servicio en ln̕ea 
260 |a Madrid :  |b Instituto Nacional de Administracin̤ Pb︢lica (INAP),  |c 2013 
300 |a 1 recurso electrn̤ico 
506 1 |a Contenido solo disponible en los productos indicados  |d vLex Global  |d vLex Global (Academic Edition, excluding Law Schools)  |d vLex Global (U.S. Academic Edition, Law Schools)  |d vLex Global (U.S. Academic Edition, excluding Law Schools)  |d vLex Global (Academic Edition, Law Schools) 
650 0 4 |a Administracin̤ pb︢lica  |x Aspectos ťicos y morales  |z Mx̌ico 
740 0 |a vLex Libros (Servicio en ln̕ea) 
856 4 0 |u http://vlex.com/source/dimension-etica-funcion-publica-11381  |z Acceso restringido 
942 |c BOOK 
999 0 |a Public administration  |b Moral and ethical aspects